| 000 | 004220000a22001570004500 | ||
|---|---|---|---|
| 090 |
_aAR _b00897 |
||
| 245 | 1 | 0 | _aEcology of cave arthropods |
| 650 | 1 | 4 |
_aEcología _992250 |
| 650 | 1 | 4 |
_aEntomología _94483 |
| 650 | 1 | 4 |
_aZoogeografía _993082 |
| 650 | 1 | 4 |
_aEntomología _94483 |
| 041 | 0 | _aInglés | |
| 100 | 1 |
_aHowarth, Francis G. _994080 |
|
| 942 | _cARTICULO | ||
| 773 | 1 |
_tAnnual Review of Entomology _3322 _h28 _q365-389 _d1983 |
|
| 999 |
_c9985 _d9985 |
||